Central Library OPAC University of Rajshahi

The nature of cultural things/ (Record no. 11672)

MARC details
000 -LEADER
fixed length control field 00815cam a22002891 4500
001 - CONTROL NUMBER
control field 11672
003 - CONTROL NUMBER IDENTIFIER
rucl marc code BD-RjUL
005 - DATE AND TIME OF LATEST TRANSACTION
control field 20211208235149.0
008 - FIXED-LENGTH DATA ELEMENTS--GENERAL INFORMATION
fixed length control field 140127s1964 nyua b 001 0 eng
035 ## - SYSTEM CONTROL NUMBER
System control number (BD-RjUL)11721
System control number (OCoLC)491908
040 ## - CATALOGING SOURCE
Original cataloging agency DLC
Transcribing agency ODaWU
Modifying agency OCoLC
-- DLC
Language of cataloging eng
041 ## - LANGUAGE CODE
Language code of text/sound track or separate title eng
082 ## - DEWEY DECIMAL CLASSIFICATION NUMBER
Classification number 301.2
Author mark and year HAN 1964
100 1# - MAIN ENTRY--PERSONAL NAME
Personal name Harris, Marvin,
Dates associated with a name 1927-
9 (RLIN) 36102
245 14 - TITLE STATEMENT
Title The nature of cultural things/
Statement of responsibility, etc. Marvin Harris,
260 ## - PUBLICATION, DISTRIBUTION, ETC. (IMPRINT)
Place of publication, distribution, etc. New York :
Name of publisher, distributor, etc. Random House,
Date of publication, distribution, etc. 1964
300 ## - PHYSICAL DESCRIPTION
Pagination viii, 209 p.
Illustrations diagrs.
Size 19 cm.
490 1# - SERIES STATEMENT
Series statement Studies in anthropology,
Volume/sequential designation AS5
504 ## - BIBLIOGRAPHY, ETC. NOTE
Bibliography, etc Includes index
650 #0 - SUBJECT ADDED ENTRY--TOPICAL TERM
Topical term or geographic name as entry element Anthropology.
9 (RLIN) 36103
830 #0 - SERIES ADDED ENTRY--UNIFORM TITLE
Volume number/sequential designation AS5.
Uniform title Studies in anthropology (New York) ;
942 ## - ADDED ENTRY ELEMENTS (KOHA)
Source of classification or shelving scheme Dewey Decimal Classification
Koha item type Books
Holdings
Lost status Source of classification or shelving scheme Damaged status Not for loan Collection code Permanent Location Current Location Shelving location Date acquired Source of acquisition Cost, normal purchase price Total Checkouts Full call number Date last seen Copy number Koha item type
  Dewey Decimal Classification   Not For Loan Non-fiction Central Library, University of Rajshahi Central Library, University of Rajshahi Reading Room 02/04/1977 lions international 0.00   301.2 HAN 1964 27/01/2014 C-1 Books